Top 10 States that Produce the Most Potatoes - Statistics

General Stats
  • This quiz has been taken 2,294 times
  • The average score is 7 of 10
Answer Stats
CWT (Thousands) State % Correct
134,240 Idaho
93%
99,825 Washington
82%
22,815 Oregon
81%
24,255 North Dakota
74%
6,364 Nebraska
69%
16,800 Minnesota
68%
15,725 Michigan
66%
23,735 Colorado
65%
27,720 Wisconsin
65%
15,403 Maine
50%
No matching quizzes found
Score Distribution
Percent of People with Each Score
Percentile by Number Answered
Your Score History
You have not taken this quiz